| 000 | 01365 a2200181 4500 | ||
|---|---|---|---|
| 003 | Nust | ||
| 005 | 20230206114507.0 | ||
| 020 | _a969415037x | ||
| 040 | _cNust | ||
| 082 | _a954.9042,POL | ||
| 100 |
_aYusuf,K.F _9108647 |
||
| 245 |
_aPolitics and Policies : _bQuaid-i-Azam / _cDr K.F. Yusuf |
||
| 260 |
_aIslamabad _bNational Institute _c1994 |
||
| 300 | _a376:p | ||
| 505 | _aInaugural Address (Page-1) Keynote Address (Page-10) Quaid-i-Azam as the Founder of the State (Page-38) Quaid –i- Azam and Decision Making (Page-52) Establishment of a Military College in India (Page-71) Mohammad Ali Jinnah The Founder of Pakistan (Page-77) M.A. Jinnah as the Ambassador of Hindu-Muslim Unity (Page-83) Quaid-i-Azam Founder of the State (Page-113) Quaid-i-Azam : A Soviet Perspective (Page-144) Quaid-i-Azam and Muslim Students Activism (Page-188) Mr. Jinnah (Page-206) Preliminary Notes on Jinnah Health and Politics (Page-225) Quaid-i-Azam and the Demand for Partition (Page-231) Quaid-i-Azam as a Visionary Futurist (Page-260) Jinnah Commitment to Civil Liberties (Page-294) Quaid-i-Azam and Democracy (Page-312) Quaid-i-Azam and State Building in Pakistan (Page-331) Quaid-i-Azam and Armed Forces (Page-341) Random Thoughts on Quaid-i-Azam (Page-362) Quaid-i-Azam and Muslim Freedom Movements (Page-375) | ||
| 650 |
_aPakistan History _97198 |
||
| 942 |
_2ddc _cBK |
||
| 999 |
_c181018 _d181018 |
||